| 000 | 00747nam a22001337a 4500 | ||
|---|---|---|---|
| 040 | _cRUA | ||
| 082 | _aAGR PRU 2017 B646 Or.1 | ||
| 100 | _aPRUM LINDA ព្រំ លីនដា | ||
| 245 | _acomparison of rice varieties , IR66, chulsa, senpidor-loam soil in dry season condition ប្រៀបធៀបពូជស្រូវ អ៊ីអ៊ែ៦៦ ជលសារ សែនពិដោរ និង ដាំណាំខុងបូង (IR៥០៤)លើដីល្បាយខ្សោច់លក្ខខណ្ឌរដូវប្រាំង | ||
| 260 |
_aRUA _bPhnom penh _c2017 |
||
| 300 |
_aix;35p _bill; _c29cm |
||
| 856 | _uhttps://drive.google.com/file/d/14I6R5mNlwgr6W9pGugUOFCjCVI1fNLrQ/view?usp=sharing | ||
| 942 | _cAGR | ||
| 999 |
_c18241 _d18241 |
||